000
00303nam a2200109 4500
999
_c
14036
_d
14036
008
190730b ||||| |||| 00| 0 eng d
245
_a
Latest learning solutions at edutech.
260
_a
Philippines:
_b
Manila Bulletin;
_c
c2019.
300
_a
page C-2.
650
0
_9
39030
_a
Technology.
942
_2
ddc
_c
PER